000 00383cam a2200157ua 4500
041 _aeng
_h
082 _a371.5
_bHEM/SC
100 _aHemingford, Lord .
245 _aSchool discipline /
_cLord Hemingford.
_hTextual Documents
250 _a1 /
_b.
260 _aLondon :
_bLongman Green and Co ,
_c1960.
300 _a87 ; .
504 _a
942 _cBK
999 _c8560
_d8560